| 000 | 00471nmm a2200169Ia 4500 | ||
|---|---|---|---|
| 008 | 251105s9999||||xx |||||||||||||||||und|| | ||
| 020 | _a9789586486507 | ||
| 041 | _aspa | ||
| 100 | _aConsuegra Anaya, Natalia | ||
| 245 | 0 | _aDiccionario de psicología | |
| 264 |
_a[Bogotá, Colombia] : _bEcoe Ediciones, _c2010 |
||
| 300 | _a378 páginas | ||
| 490 | _aDiccionarios | ||
| 650 | _aPsychology | ||
| 856 | _uhttps://public.digitaliapublishing.com/a/29910 | ||
| 942 | _cCF | ||
| 999 |
_c95301 _d95301 |
||